000 00724nam a2200217Ii 4500
003 JO-AjNU
008 230605s9999||||xx |||||||||||||| ||und||
017 _a2004/4/858
040 _aJO-AjNU
_bara
_erda
_cJO-AjNU
041 _aara
050 1 4 _aB123.D5.K3 2004
100 3 _aبقلم الكرمي، حسن سعيد,
_eauthor
_949496
245 0 0 _aالثنوية في التفكير: المقالة الثانية
250 _aط1
264 3 1 _aعمان: امانة عمان الكبرى، 2004
300 _a144ص
336 _atext
_btxt
_2rdacontent
337 _aunmediated
_bn
_2rdamedia
338 _avolume
_bnc
_2rdacarrier
650 4 _aالثقافة الاسلامية - الوعظ والارشاد
_949497
999 _aA21743
_c25311
_d25311